Statistics for Name the Year - France

Click here to take the quiz!

General Stats

  • This quiz has been taken 16 times
  • The average score is 11 of 14

Answer Stats

HintAnswer% Correct
Start of French Revolution1789
100%
Bastille Stormed1789
100%
King Louis XVI Executed1793
100%
End of Napoleonic France1815
100%
French Control Rhineland1918
100%
WW2 Ends1945
100%
Third Republic Formed1870
86%
Franco-Prussian War1870
86%
Free France and Vichy France Created1940
86%
Suez Crisis1956
86%
7 Years War Start1756
71%
7 Years War End1763
71%
Frankish Kingdoms Begin486
14%
Frankish Kingdoms End987
14%

Score Distribution

Percentile by Number Answered

Percent of People with Each Score

Your Score History

You have not taken this quiz